| 000 | 004540000a22001810004500 | ||
|---|---|---|---|
| 003 | MACL | ||
| 005 | 20160121114623.0 | ||
| 008 | 160121b xxu||||| |||| 00| 0 eng d | ||
| 040 |
_aMACL _cmacl |
||
| 041 | _aEnglish | ||
| 082 | _a351/PRA | ||
| 100 |
_aPradhan, Arabinda _933823 |
||
| 245 | _aPublic Administration | ||
| 260 |
_bSpectrum India _c2002 _aNew Delhi |
||
| 350 | _a210 | ||
| 650 |
_aPublic Administration _933824 |
||
| 942 |
_cBK _k351/PRA _2ddc |
||
| 999 |
_c33079 _d33079 |
||